000 00677nam a2200265Ia 4500
001 9691
005 20240113234223.0
007 ta
008 050727s1972 a g b000 u asm u
020 _cHB
040 _aCotton College,Assam
041 _aasm
082 _a954.1
_bB 288 As
100 _aBarua, Gunaviram .
245 0 _aAsam Buranji /
_cGunaviram Barua.
_hTextual Documents
250 _a1st ed. /
260 _aGuwahati :
_bAssam Prakashan Parishad ,
_c1972.
300 _a213p. :
_bill. ;
_c22cm .
653 _aAssam-History
653 _aHistory-Assam
653 _aMS-Assamese
942 _2ddc
_cBK
999 _c9678
_d9678